[Event "Elenite op"]
[Site "Elenite"]
[Date "1993.??.??"]
[Round "7"]
[White "Chakov, Plamen"]
[Black "Velchev, Nikolay"]
[Result "1-0"]
[WhiteElo "2330"]
[BlackElo "2305"]
[PlyCount "41"]
[EventDate "1993.??.??"]
[EventType "swiss"]
[EventRounds "9"]
[EventCountry "BUL"]
[SourceTitle "EXT 1998"]
[Source "ChessBase"]
[SourceDate "1997.11.17"]
[SourceVersion "1"]
[SourceVersionDate "1997.11.17"]
[SourceQuality "1"]

1. d4 d5 2. c4 e6 3. Nc3 Be7 4. Nf3 Nf6 5. cxd5 exd5 6. Bf4 0-0 7. h3 c5 8. e3 Qb6 9. a3 cxd4 10. Nxd4 Nc6 11. Ndb5 d4 12. exd4 Qd8 13. d5 Bc5 14. dxc6 Qb6 15. Qf3 bxc6 16. Nc7 Qxb2 17. Rc1 Bd6 18. Rb1 Qxa3 19. Bxd6 Qxd6 20. Nxa8 Rd8 21. Rd1 1-0

[Event "Elenite op"]
[Site "Elenite"]
[Date "1993.??.??"]
[Round "6"]
[White "Velchev, Nikolay"]
[Black "Radulov, Ivan"]
[Result "1-0"]
[WhiteElo "2305"]
[BlackElo "2410"]
[PlyCount "35"]
[EventDate "1993.??.??"]
[EventType "swiss"]
[EventRounds "9"]
[EventCountry "BUL"]
[SourceTitle "EXT 1998"]
[Source "ChessBase"]
[SourceDate "1997.11.17"]
[SourceVersion "1"]
[SourceVersionDate "1997.11.17"]
[SourceQuality "1"]

1. e4 c6 2. d4 d5 3. Nd2 dxe4 4. Nxe4 Nd7 5. Ng5 e6 6. Bd3 Ngf6 7. N1f3 g6 8. Qe2 Qe7 9. Ne5 Nxe5 10. dxe5 Nd7 11. Ne4 Qd8 12. Bg5 Qa5+ 13. c3 Be7 14. Bxe7 Kxe7 15. f4 Nc5 16. b4 Nxd3+ 17. Qxd3 Rd8 18. Qd6+ 1-0